|
|
|
|
| LEADER |
00000nab a2200000 a 4500 |
| 001 |
vtls000542832 |
| 003 |
SK-MaSNL |
| 005 |
20260303011838.0 |
| 008 |
160204c1994 xo 0 slo |
| 015 |
|
|
|a SNBRA19rr/mm-uuuuu
|
| 035 |
|
|
|a CL0542970
|
| 040 |
|
|
|a SNKBUCL
|b slo
|c SNKBUCL
|e AACR2
|
| 041 |
0 |
|
|a slo
|
| 044 |
|
|
|a xo
|c SK
|
| 080 |
|
|
|a 159.923:371.124
|2 1981
|
| 080 |
|
|
|a 371.124
|2 1981
|
| 100 |
1 |
|
|a Valihorová, Marta,
|d 1951-
|4 aut
|9 40319
|
| 245 |
1 |
0 |
|a Výskum osobnostných a intelektových predpokladov pre učiteľské povolanie
|c Marta Valihorová
|
| 300 |
|
|
|b Obr. 2, tab. 11, lit. 11 zázn. v angl., češ., slov.
|
| 650 |
0 |
7 |
|a učitelia
|2 snkbucl
|9 3995
|
| 650 |
0 |
7 |
|a povolanie učiteľa
|2 snkbucl
|9 402965
|
| 655 |
|
7 |
|a články zo zborníkov
|2 snkbucl
|9 166140
|
| 773 |
0 |
|
|t Zborník príspevkov z výskumných úloh
|d Banská Bystrica : Pedagogická fakulta UMB, 1994
|g S. 14-29
|z 808516258X
|
| 850 |
|
|
|a Slovenská národná knižnica v Martine
|a MTA001
|
| 852 |
|
|
|a SNK
|b KIS3GCP
|
| 958 |
|
|
|a NB
|
| 958 |
|
|
|a RK
|
| 992 |
|
|
|a RZB
|
| 999 |
|
|
|c 1594316
|d 1596246
|